000 01265cam a22003134a 4500
001 150221
003 NUST-PNEC
005 20170116180739.0
008 980804s1999 inua 001 0 eng
010 _a 98087340
020 _a0672314843
020 _a8176353175
040 _cPNEC
042 _apcc
050 0 0 _aQA76.9.D3
_bB347 1999
082 0 0 _a005.7565 BAL
_221
100 1 _aBalter, Alison.
240 1 0 _aMastering Microsoft Access 2000 development
245 1 0 _aAlison Balter's mastering Microsoft Access 2000 development /
_cAlison Balter.
246 3 _aMastering Microsoft Access 2000 development
260 _aIndianapolis, Ind. :
_bSams,
_cc1999.
300 _axxxv, 1342 p. :
_bill. ;
_c24 cm.
500 _aIncludes index.
650 0 _aDatabase management.
_xMIS, Computer
856 _uhttp://www.amazon.com/Mastering-Microsoft-Access-2000-Development/dp/0672314843/ref=sr_1_1?ie=UTF8&qid=1418274716&sr=8-1&keywords=mastering+microsoft+access+2000+development
906 _a7
_bcbc
_corignew
_d2
_eopcn
_f19
_gy-gencatlg
942 _2ddc
_cBK
999 _c62127
_d62127